[Event "Rottach Egern Seniors Cup 11th"]
[Site "Rottach Egern"]
[Date "2023.04.18"]
[Round "4"]
[White "Simmon, Norbert"]
[Black "Ryseck, Werner"]
[Result "1/2-1/2"]
[WhiteElo "1501"]
[BlackElo "1684"]
[PlyCount "107"]
[EventDate "2023.04.15"]
[EventType "swiss"]
[EventRounds "9"]
[EventCountry "GER"]
[SourceTitle "EXT 2024"]
[Source "ChessBase"]
[SourceDate "2023.10.10"]
[SourceVersion "1"]
[SourceVersionDate "2023.10.10"]
[SourceQuality "1"]

1. g3 d5 2. d4 Nf6 3. Bg2 e6 4. Nf3 c5 5. c3 Nc6 6. 0-0 cxd4 7. cxd4 Be7 8. Nc3 0-0 9. Bf4 a6 10. a3 b5 11. Rc1 Bb7 12. h3 Rc8 13. b4 h6 14. Nd2 Nxd4 15. g4 Bd6 16. Bxd6 Qxd6 17. e3 Nc6 18. Nb3 Ne5 19. Nc5 Qe7 20. a4 bxa4 21. N3xa4 Nc4 22. e4 Rc7 23. Re1 dxe4 24. Rxc4 Rd8 25. Qb3 Bd5 26. Nb6 Bxc4 27. Qxc4 a5 28. Nba4 axb4 29. Qxb4 Rd5 30. Qb8+ Kh7 31. Nxe4 Rd4 32. Nxf6+ gxf6 33. Qb1+ Kg7 34. Re4 Rd2 35. Re3 Rcc2 36. Qe1 Qd7 37. Be4 Rd1 38. Bxc2 Rxe1+ 39. Rxe1 Qd2 40. Re4 Qxc2 41. Rb4 f5 42. Kg2 Qc6+ 43. Kg1 Qf3 44. gxf5 exf5 45. h4 f4 46. Nb2 Qg4+ 47. Kf1 Qxh4 48. Nd3 Qh3+ 49. Ke2 f3+ 50. Ke3 Qf5 51. Rf4 Qd5 52. Rxf3 f5 53. Rg3+ Kf6 54. Rg6+ 1/2-1/2

[Event "Rottach Egern Seniors Cup 9th"]
[Site "Rottach Egern"]
[Date "2021.10.27"]
[Round "6"]
[White "Lischka, Joachim"]
[Black "Simmon, Norbert"]
[Result "0-1"]
[WhiteElo "1661"]
[BlackElo "1661"]
[PlyCount "72"]
[EventDate "2021.10.22"]
[EventType "swiss"]
[EventRounds "7"]
[EventCountry "GER"]
[SourceTitle "CBM 204 Extra"]
[Source "ChessBase"]
[SourceDate "2021.11.30"]
[SourceVersion "1"]
[SourceVersionDate "2021.11.30"]
[SourceQuality "1"]

1. Nf3 d5 2. b3 Nf6 3. Bb2 e6 4. e3 Be7 5. d4 0-0 6. Bd3 Nc6 7. a3 a5 8. Nbd2 b6 9. 0-0 Ba6 10. Rc1 Nb8 11. Qe2 Bb7 12. c4 Ne4 13. cxd5 exd5 14. Qd1 Bd6 15. Qc2 Qe7 16. Ne5 Nxd2 17. Qxd2 f6 18. Nf3 Ba6 19. a4 Bxd3 20. Qxd3 Na6 21. Qb1 Nb4 22. Nh4 g6 23. Rfe1 f5 24. Nf3 Qe4 25. Red1 Rac8 26. Ba3 f4 27. Bxb4 axb4 28. Ng5 Qe7 29. exf4 Bxf4 30. Nxh7 Qxh7 31. Rc6 Bxh2+ 32. Kf1 Bd6 33. g3 Qh1+ 34. Ke2 Rce8+ 35. Kd2 Rxf2+ 36. Kc1 Qe4 0-1

[Event "Rottach Egern Seniors Cup 9th"]
[Site "Rottach Egern"]
[Date "2021.10.22"]
[Round "1"]
[White "Simmon, Norbert"]
[Black "Kainz, Josef"]
[Result "0-1"]
[WhiteElo "1661"]
[BlackElo "1992"]
[PlyCount "92"]
[EventDate "2021.10.22"]
[EventType "swiss"]
[EventRounds "7"]
[EventCountry "GER"]
[SourceTitle "CBM 204 Extra"]
[Source "ChessBase"]
[SourceDate "2021.11.30"]
[SourceVersion "1"]
[SourceVersionDate "2021.11.30"]
[SourceQuality "1"]

1. g3 d5 2. d4 Nf6 3. Bg2 g6 4. Nf3 Bg7 5. c4 dxc4 6. Qa4+ c6 7. Qxc4 Nbd7 8. 0-0 Nb6 9. Qb3 Be6 10. Qd1 h6 11. Nc3 0-0 12. Re1 Qd7 13. Bf4 Nbd5 14. Be5 Bh3 15. Bh1 Rad8 16. Nxd5 cxd5 17. Rc1 Rc8 18. Qb3 b6 19. Qa3 Rfe8 20. b3 Bf8 21. Qb2 g5 22. Bxf6 exf6 23. Rxc8 Rxc8 24. Rc1 Bd6 25. Ne1 Be6 26. Bg2 a5 27. e3 Kg7 28. a3 Rc6 29. a4 Qc8 30. Rxc6 Qxc6 31. Qc2 Qd7 32. Bf1 Bb4 33. Nf3 Bf5 34. Qc1 Qd6 35. Bb5 Qe6 36. Be2 h5 37. Ne1 h4 38. Nd3 hxg3 39. hxg3 Bd6 40. Ne1 Be4 41. Bf3 f5 42. Bxe4 Qxe4 43. Qc2 Qg4 44. Nd3 f4 45. Ne5 Bxe5 46. dxe5 fxe3 0-1

[Event "Sachsen-ch Seniors op"]
[Site "Dresden"]
[Date "2016.11.07"]
[Round "8"]
[White "Siewert, Wolfgang"]
[Black "Simmon, Norbert"]
[Result "1/2-1/2"]
[WhiteElo "1732"]
[BlackElo "1718"]
[PlyCount "21"]
[EventDate "2016.10.31"]
[EventType "swiss"]
[EventRounds "9"]
[EventCountry "GER"]
[SourceTitle "EXT 2019"]
[Source "ChessBase"]
[SourceDate "2018.10.10"]
[SourceVersion "1"]
[SourceVersionDate "2018.10.10"]
[SourceQuality "1"]

1. c4 e5 2. Nc3 Nf6 3. Nf3 Nc6 4. e4 d6 5. h3 Be6 6. d3 h6 7. Nd5 Nd7 8. Be2 f5 9. g3 Nd4 10. Nxd4 exd4 11. Bh5+ 1/2-1/2

[Event "Sachsen-ch Seniors op"]
[Site "Dresden"]
[Date "2016.11.01"]
[Round "2"]
[White "Simmon, Norbert"]
[Black "Jaeger, Hans Ulrich"]
[Result "0-1"]
[WhiteElo "1718"]
[BlackElo "1862"]
[PlyCount "76"]
[EventDate "2016.10.31"]
[EventType "swiss"]
[EventRounds "9"]
[EventCountry "GER"]
[SourceTitle "EXT 2019"]
[Source "ChessBase"]
[SourceDate "2018.10.10"]
[SourceVersion "1"]
[SourceVersionDate "2018.10.10"]
[SourceQuality "1"]

1. g3 e5 2. c4 c5 3. Nc3 Nf6 4. Bg2 Nc6 5. d3 g6 6. Nf3 d6 7. 0-0 h6 8. e3 Be6 9. b3 Bg7 10. Bb2 0-0 11. a3 Qd7 12. Re1 Rad8 13. Qc2 d5 14. cxd5 Nxd5 15. Nxd5 Qxd5 16. Nxe5 Qxb3 17. Qxb3 Bxb3 18. Nxc6 bxc6 19. Bxg7 Kxg7 20. Bxc6 Rxd3 21. Bb5 Rc3 22. Rec1 Rxc1+ 23. Rxc1 c4 24. Kf1 Kf6 25. f4 Rb8 26. a4 Ke7 27. Ke2 Rb6 28. Bxc4 Rc6 29. Kd3 Bxa4 30. Ra1 Bc2+ 31. Kd4 Rc7 32. h3 Rd7+ 33. Kc3 Be4 34. Ra5 f6 35. Ra6 Bg2 36. h4 Bh3 37. e4 Rc7 38. Kd4 Rxc4+ 0-1

[Event "Bad Wiessee Seniors op"]
[Site "Bad Wiessee"]
[Date "2012.04.29"]
[Round "9"]
[White "Simmon, Norbert"]
[Black "Brueckner, Ewald"]
[Result "1-0"]
[WhiteElo "1654"]
[BlackElo "1553"]
[PlyCount "77"]
[EventDate "2012.04.21"]
[EventType "swiss"]
[EventRounds "9"]
[EventCountry "GER"]
[SourceTitle "EXT 2015"]
[Source "ChessBase"]
[SourceDate "2014.11.20"]
[SourceVersion "1"]
[SourceVersionDate "2014.11.20"]
[SourceQuality "1"]

1. d4 b6 2. c4 d6 3. e4 e6 4. g3 Be7 5. Bg2 Bb7 6. Nc3 Nd7 7. Nf3 h6 8. 0-0 Ngf6 9. Re1 e5 10. Qa4 0-0 11. b4 exd4 12. Nxd4 Ne5 13. Qb3 Nd3 14. Rd1 Nxc1 15. Raxc1 Nd7 16. Nd5 c6 17. Nxe7+ Qxe7 18. Nf5 Qd8 19. Rxd6 Qc7 20. Qc3 f6 21. Rcd1 Rad8 22. Qd2 Rf7 23. Bf3 Bc8 24. a4 Kh7 25. Bg4 Re8 26. Qe3 Ne5 27. Qe2 g6 28. Ne3 Bxg4 29. Nxg4 Kg7 30. Nxe5 Rxe5 31. Qd3 Ree7 32. f4 c5 33. b5 Qb7 34. e5 f5 35. e6 Rf8 36. Qc3+ Kg8 37. Rd7 Qe4 38. Rxe7 Rf6 39. Re8+ 1-0

[Event "Arco op"]
[Site "Arco"]
[Date "2011.12.29"]
[Round "6"]
[White "Perich, Stefano"]
[Black "Simmon, Norbert"]
[Result "1/2-1/2"]
[WhiteElo "1922"]
[BlackElo "1785"]
[PlyCount "54"]
[EventDate "2011.12.26"]
[EventType "swiss"]
[EventRounds "7"]
[EventCountry "ITA"]
[SourceTitle "EXT 2023"]
[Source "ChessBase"]
[SourceDate "2022.10.05"]
[SourceVersion "1"]
[SourceVersionDate "2022.10.05"]
[SourceQuality "1"]

1. d4 d5 2. Nf3 Nf6 3. g3 Bf5 4. Bg2 c6 5. 0-0 Ne4 6. Nbd2 Nd7 7. Nh4 Nxd2 8. Bxd2 e6 9. Nxf5 exf5 10. b3 Nf6 11. Bg5 Bd6 12. Qd3 h6 13. Bxf6 Qxf6 14. c4 dxc4 15. bxc4 Rd8 16. Rab1 Rd7 17. Bh3 g6 18. e4 Bc5 19. d5 cxd5 20. cxd5 0-0 21. exf5 g5 22. Bg2 b6 23. Rfe1 Rd6 24. g4 Kg7 25. Qe4 Kg8 26. Qe5 Rfd8 27. Kf1 Kg7 1/2-1/2

[Event "Arco op"]
[Site "Arco"]
[Date "2011.12.28"]
[Round "4"]
[White "Schingaro, Angelo"]
[Black "Simmon, Norbert"]
[Result "0-1"]
[WhiteElo "1727"]
[BlackElo "1785"]
[PlyCount "64"]
[EventDate "2011.12.26"]
[EventType "swiss"]
[EventRounds "7"]
[EventCountry "ITA"]
[SourceTitle "EXT 2023"]
[Source "ChessBase"]
[SourceDate "2022.10.05"]
[SourceVersion "1"]
[SourceVersionDate "2022.10.05"]
[SourceQuality "1"]

1. e4 c5 2. Nf3 d6 3. d4 cxd4 4. Nxd4 Nf6 5. Nc3 a6 6. Be3 e6 7. f3 Be7 8. Qd2 Nc6 9. 0-0-0 Qc7 10. g4 b5 11. g5 Nd7 12. h4 Nde5 13. Qf2 Bb7 14. Kb1 Rc8 15. Rg1 b4 16. Na4 Qa5 17. b3 Nd7 18. Bh3 Nxd4 19. Bxd4 Rg8 20. Rge1 Qc7 21. Rc1 d5 22. e5 Bc6 23. Nc5 Nxc5 24. Bxc5 Bb5 25. Bxe7 Kxe7 26. Qd4 Qc5 27. Qd2 Rgd8 28. h5 d4 29. g6 hxg6 30. hxg6 d3 31. Qg5+ Kf8 32. Qe3 d2 0-1

[Event "Arco op"]
[Site "Arco"]
[Date "2011.12.28"]
[Round "5"]
[White "Simmon, Norbert"]
[Black "Frontini, Fabio"]
[Result "1/2-1/2"]
[WhiteElo "1785"]
[BlackElo "1940"]
[PlyCount "76"]
[EventDate "2011.12.26"]
[EventType "swiss"]
[EventRounds "7"]
[EventCountry "ITA"]
[SourceTitle "EXT 2023"]
[Source "ChessBase"]
[SourceDate "2022.10.05"]
[SourceVersion "1"]
[SourceVersionDate "2022.10.05"]
[SourceQuality "1"]

1. g3 Nf6 2. d4 d5 3. Bg2 e6 4. c4 Be7 5. Nf3 0-0 6. 0-0 c6 7. Nc3 b6 8. Re1 Bb7 9. cxd5 cxd5 10. Bf4 Nc6 11. Rc1 Rc8 12. a3 Bd6 13. Bxd6 Qxd6 14. b4 Rfd8 15. e3 h6 16. Re2 a6 17. Rec2 b5 18. Nd2 Ne7 19. Nb3 Rc7 20. Nc5 Nd7 21. Ne2 Nxc5 22. Rxc5 Rdc8 23. Nf4 Rxc5 24. dxc5 Qd7 25. e4 d4 26. Qg4 Rd8 27. Nd3 f6 28. Qd1 e5 29. f4 Nc6 30. Qh5 Qe8 31. Qxe8+ Rxe8 32. fxe5 fxe5 33. Rf1 g6 34. Rf6 Kg7 35. Rd6 Re7 36. Kf2 Kf7 37. Ke2 Re6 38. Rd7+ Re7 1/2-1/2

[Event "Arco op"]
[Site "Arco"]
[Date "2011.12.26"]
[Round "1"]
[White "Simmon, Norbert"]
[Black "Horn, Peter"]
[Result "0-1"]
[WhiteElo "1785"]
[BlackElo "2159"]
[PlyCount "102"]
[EventDate "2011.12.26"]
[EventType "swiss"]
[EventRounds "7"]
[EventCountry "ITA"]
[SourceTitle "EXT 2023"]
[Source "ChessBase"]
[SourceDate "2022.10.05"]
[SourceVersion "1"]
[SourceVersionDate "2022.10.05"]
[SourceQuality "1"]

1. g3 c5 2. Nf3 Nf6 3. c4 b6 4. Bg2 Bb7 5. 0-0 e6 6. Nc3 Be7 7. d3 0-0 8. a3 Nc6 9. e3 d5 10. Qc2 d4 11. exd4 cxd4 12. Ne2 a5 13. Bd2 Qd7 14. Bf4 Bc5 15. Ne5 Nxe5 16. Bxb7 Qxb7 17. Bxe5 Rad8 18. Bxf6 gxf6 19. Qd2 Qf3 20. Nf4 Kh8 21. Qe2 Qxe2 22. Nxe2 e5 23. Kg2 f5 24. f3 h5 25. h3 a4 26. Kf2 Kg7 27. Ke1 Rh8 28. Kd2 Kf6 29. Kc2 Rb8 30. b4 axb3+ 31. Kxb3 b5 32. Rfb1 Rhc8 33. cxb5 Rxb5+ 34. Ka2 Ra5 35. Rb3 Bxa3 36. Kb1 Rca8 37. Rb6+ Kg7 38. Nc1 Bxc1 39. Rxa5 Rxa5 40. Kxc1 Ra1+ 41. Kd2 Rg1 42. Rb5 f6 43. Rb7+ Kg6 44. Rb8 Rg2+ 45. Ke1 Kh7 46. Rb7+ Kh6 47. Rb6 Rxg3 48. Kf2 Rg6 49. Rb8 Kg5 50. Rh8 Rg7 51. Rf8 Ra7 0-1

[Event "Bad Griesbach Seniors op 14th"]
[Site "Bad Griesbach"]
[Date "2011.12.10"]
[Round "7"]
[White "Simmon, Norbert"]
[Black "Laber, Dietrich"]
[Result "1/2-1/2"]
[WhiteElo "1580"]
[BlackElo "1573"]
[PlyCount "71"]
[EventDate "2011.12.04"]
[EventType "swiss"]
[EventRounds "7"]
[EventCountry "GER"]
[SourceTitle "EXT 2015"]
[Source "ChessBase"]
[SourceDate "2014.11.20"]
[SourceVersion "1"]
[SourceVersionDate "2014.11.20"]
[SourceQuality "1"]

1. g3 d5 2. d4 c6 3. Nf3 Nf6 4. Bg2 Bf5 5. 0-0 e6 6. c4 Nbd7 7. Bg5 Be7 8. cxd5 cxd5 9. Nc3 Ne4 10. Bxe7 Qxe7 11. Nb5 0-0 12. Rc1 a6 13. Nc7 Rac8 14. Qb3 Nd6 15. Ne5 Nxe5 16. dxe5 Nc4 17. Nxd5 exd5 18. e4 Nd2 19. Qxd5 Nxf1 20. Rxc8 Rxc8 21. exf5 Rd8 22. Qa5 Re8 23. Kxf1 Qxe5 24. Qxe5 Rxe5 25. Bxb7 Rb5 26. Bxa6 Rxb2 27. a4 f6 28. a5 Kf8 29. Bd3 Rd2 30. Be2 Rd5 31. a6 Rxf5 32. f4 Ra5 33. Kf2 Ke7 34. g4 h6 35. h4 Kd6 36. Ke3 1/2-1/2

[Event "Bad Griesbach Seniors op 14th"]
[Site "Bad Griesbach"]
[Date "2011.12.06"]
[Round "3"]
[White "Kiefer, Herbert"]
[Black "Simmon, Norbert"]
[Result "1-0"]
[WhiteElo "1727"]
[BlackElo "1580"]
[PlyCount "105"]
[EventDate "2011.12.04"]
[EventType "swiss"]
[EventRounds "7"]
[EventCountry "GER"]
[SourceTitle "EXT 2015"]
[Source "ChessBase"]
[SourceDate "2014.11.20"]
[SourceVersion "1"]
[SourceVersionDate "2014.11.20"]
[SourceQuality "1"]

1. Nf3 d5 2. d4 Nf6 3. e3 e6 4. c4 c6 5. Nbd2 Bd6 6. Qc2 Nbd7 7. c5 Bc7 8. b4 e5 9. dxe5 Nxe5 10. Bb2 Qe7 11. Be2 0-0 12. 0-0 Bg4 13. h3 Bh5 14. Nd4 Bg6 15. Qb3 a5 16. a3 Kh8 17. f4 Nd3 18. Rf3 Nxb2 19. Qxb2 Be4 20. Rg3 axb4 21. axb4 Bg6 22. Kf2 Ne4+ 23. Nxe4 dxe4 24. Rg4 Qf6 25. g3 Bf5 26. Rg5 g6 27. Rh1 h6 28. h4 Kg8 29. Rxf5 gxf5 30. Ra1 Rfd8 31. Rxa8 Rxa8 32. Bf1 Rd8 33. Qc3 Kf8 34. Bc4 Ke7 35. b5 Rg8 36. bxc6 bxc6 37. Qa1 Rd8 38. Qc3 Rb8 39. Bb3 Rd8 40. Qc4 Rxd4 41. exd4 Bxf4 42. gxf4 Qxh4+ 43. Ke2 Qh2+ 44. Kd1 Qg1+ 45. Kc2 Qg6 46. d5 Qg2+ 47. Kb1 cxd5 48. Qxd5 Qf1+ 49. Ka2 Qa6+ 50. Kb1 Qd3+ 51. Qxd3 exd3 52. Bc4 Kd7 53. Bd5 1-0

[Event "Nago Torbole op-A"]
[Site "Nago Torbole"]
[Date "2010.12.29"]
[Round "6"]
[White "Troidl, Thomas"]
[Black "Simmon, Norbert"]
[Result "1-0"]
[WhiteElo "1915"]
[BlackElo "1865"]
[PlyCount "61"]
[EventDate "2010.12.26"]
[EventType "swiss"]
[EventRounds "7"]
[EventCountry "ITA"]
[SourceTitle "EXT 2024"]
[Source "ChessBase"]
[SourceDate "2023.10.10"]
[SourceVersion "1"]
[SourceVersionDate "2023.10.10"]
[SourceQuality "1"]

1. e4 c5 2. Nf3 d6 3. d4 cxd4 4. Nxd4 Nf6 5. Nc3 e6 6. Bb5+ Nbd7 7. 0-0 Be7 8. Be3 0-0 9. f4 a6 10. Be2 Qc7 11. g4 Nc5 12. Bf3 Rd8 13. g5 Ne8 14. f5 Rb8 15. Qe1 b5 16. b4 Na4 17. Nxa4 bxa4 18. fxe6 fxe6 19. Bg4 e5 20. Bxc8 Qxc8 21. Nf5 Bf8 22. Qf2 Nc7 23. Qh4 Qe6 24. a3 d5 25. Rf3 dxe4 26. Qxe4 Nd5 27. Bd4 Re8 28. Re1 Rbd8 29. Qxe5 Qc6 30. Nh6+ Kh8 31. Rxf8+ 1-0

[Event "Nago Torbole op-A"]
[Site "Nago Torbole"]
[Date "2010.12.28"]
[Round "5"]
[White "Simmon, Norbert"]
[Black "Zanussi, Leandro"]
[Result "0-1"]
[WhiteElo "1865"]
[BlackElo "1677"]
[PlyCount "88"]
[EventDate "2010.12.26"]
[EventType "swiss"]
[EventRounds "7"]
[EventCountry "ITA"]
[SourceTitle "EXT 2024"]
[Source "ChessBase"]
[SourceDate "2023.10.10"]
[SourceVersion "1"]
[SourceVersionDate "2023.10.10"]
[SourceQuality "1"]

1. g3 c5 2. c4 Nc6 3. Bg2 g6 4. Nc3 Bg7 5. d3 e6 6. Bf4 d6 7. Nf3 Nge7 8. 0-0 0-0 9. Qd2 d5 10. cxd5 exd5 11. Bh6 Re8 12. Bxg7 Kxg7 13. e3 Nf5 14. Ne2 Be6 15. Nf4 b6 16. a3 Rc8 17. b4 d4 18. Nxe6+ Rxe6 19. e4 Nd6 20. bxc5 bxc5 21. Rac1 Ne5 22. Ng5 Re8 23. Bh3 Qxg5 24. Qxg5 Nf3+ 25. Kg2 Nxg5 26. Bxc8 Rxc8 27. f4 Ne6 28. a4 c4 29. f5 Nc5 30. dxc4 Ncxe4 31. fxg6 hxg6 32. Rf4 Nc3 33. Rxd4 Ne2 34. Rxd6 Nxc1 35. Rd7 a5 36. Rd5 Nb3 37. Rb5 Nd2 38. c5 Ne4 39. Kf3 Nxc5 40. Rxa5 Nb3 41. Ra7 Rc4 42. h4 Rc3+ 43. Kf4 Nc5 44. g4 Rc4+ 0-1

[Event "Bad Griesbach Seniors op 10th"]
[Site "Bad Griesbach"]
[Date "2007.12.07"]
[Round "6"]
[White "Muenz, Werner"]
[Black "Simmon, Norbert"]
[Result "1/2-1/2"]
[WhiteElo "1697"]
[BlackElo "1700"]
[PlyCount "119"]
[EventDate "2007.12.02"]
[EventType "swiss"]
[EventRounds "7"]
[EventCountry "GER"]
[SourceTitle "EXT 2015"]
[Source "ChessBase"]
[SourceDate "2014.11.20"]
[SourceVersion "1"]
[SourceVersionDate "2014.11.20"]
[SourceQuality "1"]

1. Nf3 g6 2. c4 Bg7 3. d4 Nf6 4. Nc3 0-0 5. e4 d6 6. Be2 e5 7. d5 Ne8 8. 0-0 f5 9. Bd3 f4 10. b4 a5 11. b5 Nd7 12. Na4 g5 13. h3 h5 14. Nh2 Nef6 15. Ba3 b6 16. Nc3 Qe8 17. f3 Rf7 18. Kf2 Nf8 19. Rg1 Ng6 20. Ke1 Bh6 21. Be2 Rg7 22. Qd3 Kf7 23. Kd1 Qg8 24. Kc2 Bd7 25. Raf1 Rf8 26. Bc1 Ne7 27. Bd2 Qh7 28. Be1 Rfg8 29. Rh1 Qg6 30. Rfg1 Rh7 31. Kb3 Bf8 32. Bf2 Rgh8 33. Qd1 g4 34. hxg4 hxg4 35. Nxg4 Nxg4 36. Rxh7+ Rxh7 37. fxg4 Rh2 38. Bf3 Ng8 39. Rh1 Qh7 40. Rxh2 Qxh2 41. Qg1 Qxg1 42. Bxg1 Be7 43. Na4 Bd8 44. Bf2 Nf6 45. g5 Ng4 46. Bg1 Kg6 47. Kc3 Kxg5 48. Kd2 Be8 49. Ke2 Nf6 50. Nc3 Bg6 51. Bf2 Ng4 52. Bg1 Kh4 53. Bf2+ Nxf2 54. Kxf2 Kg5 55. g3 Be8 56. Ne2 Bf6 57. Kg2 Bd7 58. Ng1 Bg7 59. Nh3+ Bxh3+ 60. Kxh3 1/2-1/2

[Event "Bad Griesbach Seniors op 09th"]
[Site "Bad Griesbach"]
[Date "2006.12.08"]
[Round "6"]
[White "Simmon, Norbert"]
[Black "Lamprecht, Rudolf"]
[Result "1/2-1/2"]
[WhiteElo "1783"]
[BlackElo "1839"]
[PlyCount "133"]
[EventDate "2006.12.03"]
[EventType "swiss"]
[EventRounds "7"]
[EventCountry "GER"]
[SourceTitle "EXT 2015"]
[Source "ChessBase"]
[SourceDate "2014.11.20"]
[SourceVersion "1"]
[SourceVersionDate "2014.11.20"]
[SourceQuality "1"]

1. g3 d5 2. d4 Nf6 3. Bg2 e6 4. Nf3 c5 5. c4 Nc6 6. cxd5 exd5 7. 0-0 Be7 8. h3 0-0 9. Nc3 h6 10. e3 Be6 11. dxc5 Bxc5 12. Nd4 Bxd4 13. exd4 Qb6 14. Ne2 Rac8 15. b3 Rfe8 16. Bb2 Bf5 17. Rc1 Nb4 18. Rxc8 Rxc8 19. Nc3 Ne4 20. Na4 Qe6 21. g4 Bg6 22. Re1 Qd7 23. a3 Na6 24. b4 b6 25. Qb3 Nc7 26. Nc3 Nxc3 27. Bxc3 Nb5 28. Bb2 Rc2 29. a4 Nc7 30. Rc1 Rxc1+ 31. Bxc1 Qe7 32. Be3 Be4 33. Qc3 Bxg2 34. Kxg2 Qd7 35. b5 Kf8 36. f4 Ke8 37. f5 Kd8 38. Kg3 Ne8 39. Qb4 Nd6 40. Kf4 Qc7 41. Kf3 Qe7 42. Qb1 Qe4+ 43. Qxe4 Nxe4 44. h4 Nc3 45. g5 h5 46. g6 fxg6 47. fxg6 Ke7 48. Kf4 Kf6 49. Bd2 Nxa4 50. Bb4 Nb2 51. Bd6 Nc4 52. Bb8 Kxg6 53. Bxa7 Kf6 54. Bb8 g6 55. Bc7 Na3 56. Bd8+ Ke6 57. Kg5 Kf7 58. Bxb6 Nxb5 59. Kf4 Nd6 60. Kg5 Ne4+ 61. Kf4 Ke6 62. Bd8 Kd7 63. Ba5 Kd6 64. Bb4+ Ke6 65. Ba5 Kf6 66. Bd8+ Ke6 67. Ba5 1/2-1/2

[Event "GER Seniors Derby 05th"]
[Site "Wesel Undeloh"]
[Date "2006.04.23"]
[Round "7"]
[White "Simmon, Norbert"]
[Black "Boelter, Hans Joachim"]
[Result "1-0"]
[WhiteElo "1679"]
[BlackElo "1626"]
[PlyCount "71"]
[EventDate "2006.04.20"]
[EventType "swiss"]
[EventRounds "7"]
[EventCountry "GER"]
[SourceTitle "EXT 2007"]
[Source "ChessBase"]
[SourceDate "2006.11.23"]
[SourceVersion "1"]
[SourceVersionDate "2006.11.23"]
[SourceQuality "1"]

1. g3 d5 2. d4 Nf6 3. Bg2 e6 4. Nf3 Be7 5. 0-0 0-0 6. c4 c6 7. Nc3 dxc4 8. Ne5 Nd5 9. Nxc4 Nd7 10. e4 N5b6 11. b3 Bb4 12. Bb2 a5 13. a3 Be7 14. Qc2 Nf6 15. e5 Nfd5 16. Ne4 Qc7 17. Rac1 Bd7 18. Qd2 Nc8 19. Qe2 b5 20. Ncd2 Qb6 21. Nc5 Rd8 22. Nde4 Be8 23. Qg4 Ra7 24. h4 Kh8 25. Ng5 Bxg5 26. Qxg5 Qc7 27. Be4 Qe7 28. Qh5 g6 29. Qf3 Ncb6 30. Rc2 Kg7 31. Re1 Kg8 32. Bc1 Qf8 33. Bg5 Rc8 34. h5 Rac7 35. Kg2 Nd7 36. Rh1 1-0